| 000 | 00507nam a22001817a 4500 | ||
|---|---|---|---|
| 003 | CEME | ||
| 005 | 20210628203658.0 | ||
| 008 | 210318b xxu||||| |||| 00| 0 eng d | ||
| 020 | _a0-13-056392-7 | ||
| 040 | _c. | ||
| 082 | _a004.67 SAC'H | ||
| 100 |
_aStair, Henry , Sachs, David _966813 |
||
| 245 | _aHands on internet , a beginning guide for pc users | ||
| 260 |
_aENGLEWOOD CLIFF _bPTR/PRENTICE-HALL _c1994 |
||
| 300 | _aXIV,275P | ||
| 650 |
_aINTERNET(COMPUTER NETWORK) _966814 |
||
| 942 |
_cBK _2ddc |
||
| 999 |
_c574709 _d574709 |
||